| 000 | 00477nam a2200181 a 4500 | ||
|---|---|---|---|
| 001 | 10769 | ||
| 003 | CO-ViMGA | ||
| 008 | 141112s2004 ck r 000 u spa d | ||
| 020 | _a9586332713 | ||
| 040 |
_aCO-ViMGA _bspa _cCO-ViMGA |
||
| 082 | 0 | 4 | _a843.5 CH15m |
| 100 | 1 |
_aChamisso, Adelbert Von _914740 |
|
| 245 | 1 | 0 | _aLA MARAVILLOSA HISTORIA DE PETER SCHLEMIHL. |
| 260 | _aBogotá Rei Andes.1993. | ||
| 300 | _a186.p.il | ||
| 650 | 1 | 4 |
_aCUENTOS FRANCESES _91078 |
| 942 |
_2ddc _cBK |
||
| 999 |
_c22019 _d22019 |
||